<?xml version="1.0" encoding="UTF-8"?>
<record
    xmlns:xsi="http://www.w3.org/2001/XMLSchema-instance"
    xsi:schemaLocation="http://www.loc.gov/MARC21/slim http://www.loc.gov/standards/marcxml/schema/MARC21slim.xsd"
    xmlns="http://www.loc.gov/MARC21/slim">

  <leader>00856nam a2200229 a 4500</leader>
  <controlfield tag="001">BRCA_5840</controlfield>
  <controlfield tag="005">20190320205232.0</controlfield>
  <controlfield tag="008">140311s1966----mx-#######---o000-0#spa-#</controlfield>
  <datafield tag="041" ind1=" " ind2=" ">
    <subfield code="a">spa</subfield>
  </datafield>
  <datafield tag="044" ind1=" " ind2=" ">
    <subfield code="a">mx</subfield>
  </datafield>
  <datafield tag="050" ind1=" " ind2="4">
    <subfield code="a">HD9574</subfield>
    <subfield code="p">M6</subfield>
    <subfield code="b">.M37</subfield>
    <subfield code="c">1952</subfield>
  </datafield>
  <datafield tag="245" ind1="1" ind2="0">
    <subfield code="a">Discurso pronunciado por el Sr. Lic. Antonio Mart&#xED;nez Baez, Secretario de Econom&#xED;a y Presidente del Consejo de Administraci&#xF3;n de Petroleos Mexicanos en el XIV aniversario de la nacionalizaci&#xF3;n de la Industria Petrolera, 18 de Marzo de 1952.</subfield>
    <subfield code="c">Secretar&#xED;a de Econom&#xED;a.</subfield>
  </datafield>
  <datafield tag="260" ind1=" " ind2=" ">
    <subfield code="a">M&#xE9;xico</subfield>
    <subfield code="b">A. Mart&#xED;nez Baez.</subfield>
    <subfield code="c">1966</subfield>
  </datafield>
  <datafield tag="300" ind1=" " ind2=" ">
    <subfield code="a">13 p.</subfield>
    <subfield code="c">22 cm.</subfield>
  </datafield>
  <datafield tag="500" ind1=" " ind2=" ">
    <subfield code="a">H101</subfield>
  </datafield>
  <datafield tag="650" ind1="1" ind2="4">
    <subfield code="a">Petroleos Mexicanos</subfield>
    <subfield code="9">14789</subfield>
  </datafield>
  <datafield tag="650" ind1="1" ind2="4">
    <subfield code="a">Petroleo</subfield>
    <subfield code="e">Industria y comercio</subfield>
    <subfield code="9">8187</subfield>
  </datafield>
  <datafield tag="651" ind1=" " ind2="4">
    <subfield code="a">M&#xE9;xico</subfield>
    <subfield code="v">Industrias.</subfield>
    <subfield code="9">14790</subfield>
  </datafield>
  <datafield tag="710" ind1="2" ind2=" ">
    <subfield code="a">Secretar&#xED;a de Econom&#xED;a.</subfield>
    <subfield code="9">14489</subfield>
  </datafield>
  <datafield tag="902" ind1=" " ind2=" ">
    <subfield code="a">GFM</subfield>
  </datafield>
  <datafield tag="942" ind1=" " ind2=" ">
    <subfield code="2">lcc</subfield>
    <subfield code="c">B</subfield>
  </datafield>
  <datafield tag="999" ind1=" " ind2=" ">
    <subfield code="c">5529</subfield>
    <subfield code="d">5529</subfield>
  </datafield>
  <datafield tag="952" ind1=" " ind2=" ">
    <subfield code="0">0</subfield>
    <subfield code="1">0</subfield>
    <subfield code="4">0</subfield>
    <subfield code="7">0</subfield>
    <subfield code="a">BRCA</subfield>
    <subfield code="b">BRCA</subfield>
    <subfield code="d">2011-03-14</subfield>
    <subfield code="i">H101</subfield>
    <subfield code="l">0</subfield>
    <subfield code="o">HD9574 .M37 1952 M6 (H101)</subfield>
    <subfield code="p">6279</subfield>
    <subfield code="r">2019-03-22 00:00:00</subfield>
    <subfield code="w">2019-03-22</subfield>
    <subfield code="y">B</subfield>
  </datafield>
</record>
